00402nam a22001217a 4500020000800000040001600008082001500024100002000039245010700059250002000166260005000186300004400236 qPB. cFIZZA ISHAQ a914.7bRIH a Riha , Thomas. aReadings in Russian Civilization Volume II: Imperial Russia, 1700-1917 Revised Edition /cThomas Riha. a2ND ED Revised. aLondon:b University of Chicago Press,c1970. a500 P. ;c‎ 8.99 x 6.08 x 0.62 inches